مكتبة جامعة عجلون الوطنية

فهرس بحث المكتبة

Normal view MARC view
  • أبو لوم، خالد/ م. مشارك سليمان ابو هاني

Entry Personal Name

Number of records used in: 1

001 - CONTROL NUMBER

  • control field: 42157

003 - CONTROL NUMBER IDENTIFIER

  • control field: JO-AjAnu

005 - DATE AND TIME OF LATEST TRANSACTION

  • control field: 20230606081009.0

008 - FIXED-LENGTH DATA ELEMENTS

  • fixed length control field: 230606|| aca||aabn | a|a d

040 ## - CATALOGING SOURCE

  • Original cataloging agency: JO-AjAnu
  • Transcribing agency: JO-AjAnu

100 ## - HEADING--PERSONAL NAME

  • Personal name: أبو لوم، خالد/ م. مشارك سليمان ابو هاني

670 ## - SOURCE DATA FOUND

  • Source citation: Work cat.: (JO-AjAnu)21598: أبو لوم، خالد/ م. مشارك سليمان ابو هاني , author, الالعاب في تدريس الرياضيات=Games in Teaching Mathematics